Statistics for Africa Cup of Nations Host Countries

Click here to take the quiz!

General Stats

  • This quiz has been taken 60 times
  • The average score is 32 of 35

Answer Stats

YearHost% Correct
2019Egypt
100%
1986Egypt
100%
2006Egypt
100%
1974Egypt
100%
2000Ghana / Nigeria
100%
1980Nigeria
100%
1959United Arab Republic
100%
2013South Africa
98%
1996South Africa
98%
1994Tunisia
98%
2004Tunisia
98%
1965Tunisia
98%
1990Algeria
95%
1978Ghana
95%
2008Ghana
95%
1963Ghana
95%
1970Sudan
95%
1957Sudan
95%
1982Libya
91%
1988Morocco
91%
2012Equatorial Guinea / Gabon
89%
1976Ethiopia
89%
1968Ethiopia
89%
1962Ethiopia
89%
2017Gabon
89%
2002Mali
89%
1972Cameroon
88%
2021Cameroon
88%
2023Ivory Coast
88%
1984Ivory Coast
88%
2010Angola
86%
2025Guinea
84%
1992Senegal
81%
1998Burkina Faso
75%
2015Equatorial Guinea
65%

Score Distribution

Percentile by Number Answered

Percent of People with Each Score

Your Score History

You have not taken this quiz